| Поле | Инд. | ПП | Название | Значение |
|---|---|---|---|---|
| Тип записи | a | |||
| Библиографический уровень | b | |||
| 001 | Контрольный номер | 820c11a5c2a346c7ac373a56e4df46e6 | ||
| 005 | Дата корректировки | 20220420085629.7 | ||
| 008 | Кодируемые данные | 20150925 | ||
| 040 | b | Код языка каталог. | rus | |
| e | Правила каталог. | PSBO | ||
| 041 | 0_ | a | Код языка текста | rus |
| 084 | a | Индекс другой классификации/Индекс ББК | 65.5-93; 65.305.47 | |
| 100 | 1_ | a | Автор | Клочко О. А. |
| q | Полное имя | Клочко Ольга Александровна | ||
| 100 | 1_ | a | Автор | Мануйлов И. А. |
| q | Полное имя | Мануйлов Илья Андреевич | ||
| 245 | 10 | a | Заглавие | Участие стран в глобальных цепочках стоимости на примере сектора потребительской электроники |
| 500 | a | Примечание | Приложение | |
| a | Примечание | DOI: 10.17323/1813-8691-2018-22-1-135-152 | ||
| 504 | a | Библиография | Лит. в конце статьи | |
| 520 | 0_ | a | Аннотация | Показано, что несмотря на размещение ряда стандартизованных операций в развивающихся странах и появление новых крупных азиатских производителей, создаваемая стоимость в глобальном секторе потребительской электроники имеет тенденцию к распределению в пользу промышленно развитых стран. |
| 650 | 04 | a | Основная рубрика | экономика |
| a | Основная рубрика | мировая экономика | ||
| a | Основная рубрика | финансы | ||
| a | Основная рубрика | экономика промышленности | ||
| 653 | 1_ | a | Ключевые слова | аутсорсинг |
| a | Ключевые слова | Всемирная торговая организация (ВТО) | ||
| a | Ключевые слова | высокотехнологичные отрасли | ||
| a | Ключевые слова | Глобализация мировой экономики | ||
| a | Ключевые слова | добавленная стоимость | ||
| a | Ключевые слова | микроэлектроника | ||
| a | Ключевые слова | мировая экономика | ||
| a | Ключевые слова | Организация экономического сотрудничества и развития (ОЭСР) | ||
| a | Ключевые слова | отрасли экономики | ||
| a | Ключевые слова | офшоринг | ||
| a | Ключевые слова | перераспределение стоимости | ||
| a | Ключевые слова | потребительская электроника | ||
| a | Ключевые слова | потребительский рынок | ||
| a | Ключевые слова | производство электроники | ||
| a | Ключевые слова | развивающиеся страны | ||
| a | Ключевые слова | развитые страны | ||
| a | Ключевые слова | решоринг | ||
| a | Ключевые слова | рынок электроники | ||
| a | Ключевые слова | создание стоимости | ||
| a | Ключевые слова | стоимость | ||
| a | Ключевые слова | стоимость отрасли | ||
| a | Ключевые слова | экономическая интеграция | ||
| a | Ключевые слова | электронная промышленность | ||
| 773 | 0_ | t | Заглавие источника | Экономический журнал ВШЭ |
| d | Дата издания источника | 2018 | ||
| g | Прочая информация | Т. 22, № 1. - С. 135 - 152 : граф., диагр. | ||
| w | Контрольный № источника | DU/577902849 | ||
| 901 | t | Тип документа | b |